| 000 | 004910000a22001210004500 | ||
|---|---|---|---|
| 090 |
_aAR _b04256 |
||
| 245 | 1 | 0 |
_aContribution a L'etude des colepteres Lamellicornes coprophages _sXIII. Table synoptique et essai de classification pratique des coleopteres Scarabaeidae |
| 041 | 0 | _aFrancés | |
| 500 | _a<Literatura de escarabajos coprófagos> | ||
| 100 | 1 |
_aJanssens, André _998134 |
|
| 942 | _cARTICULO | ||
| 773 | 1 |
_tBulletin du Musée royal d'Histoire naturelle de Belgique _h15 _q1-30 _d1949 _g25 |
|
| 999 |
_c13353 _d13353 |
||